000 00581nam a22002177a 4500
005 20170124110114.0
010 _aB-021397
020 _c00.00
035 _aB-021397
037 _bCen Lib/Ret
040 _aDPL
_bEN
082 _aN
_bRAI
100 _aRai, Mandeep
_929663
245 _aNo friends, no enemies /
_cby Mandeep Rai
260 _aNew Delhi
_bUBS Publishers
_c2000
270 _bNew Delhi
_a5, ansari road, dariya ganj
_e110002
300 _axxii, 458p.
_c21cm(Hb)
650 _aliterature
_96262
650 _aNovels
_913976
942 _2ddc
_cEN
_hN
_mRAI
999 _c130618
_d130618